[Event "CZE-chT2A 2223"]
[Site "Czech Republic"]
[Date "2023.01.22"]
[Round "7.6"]
[White "Muron, Miroslav"]
[Black "Novy, Daniel"]
[Result "1-0"]
[WhiteElo "2112"]
[BlackElo "1985"]
[PlyCount "63"]
[EventDate "2022.10.16"]
[EventType "team-tourn"]
[EventRounds "11"]
[EventCountry "CZE"]
[SourceTitle "EXT 2024"]
[Source "ChessBase"]
[SourceDate "2023.10.10"]
[SourceVersion "1"]
[SourceVersionDate "2023.10.10"]
[SourceQuality "1"]
[WhiteTeam "Praha Dukla"]
[BlackTeam "Plzen"]
[WhiteTeamCountry "CZE"]
[BlackTeamCountry "CZE"]

1. e4 c5 2. Nc3 Nc6 3. g3 g6 4. Bg2 Bg7 5. d3 d6 6. f4 e6 7. Nf3 Nge7 8. 0-0 0-0 9. Be3 Nd4 10. Bf2 Nec6 11. Qd2 Nxf3+ 12. Bxf3 Nd4 13. Bg2 Rb8 14. Nd1 e5 15. c3 Nc6 16. Ne3 Bh6 17. Nd5 b6 18. Be3 f5 19. Rae1 Be6 20. exf5 Bxf5 21. fxe5 Bxe3+ 22. Nxe3 Nxe5 23. Nxf5 Rxf5 24. Rxf5 gxf5 25. Qh6 Qf8 26. Qg5+ Kh8 27. d4 h6 28. Qh5 cxd4 29. cxd4 Ng4 30. h3 Nf6 31. Qxf5 Re8 32. Rxe8 1-0

[Event "CZE-chT2A 2223"]
[Site "Czech Republic"]
[Date "2022.12.04"]
[Round "4.8"]
[White "Novy, Daniel"]
[Black "Svoboda, Marek"]
[Result "1-0"]
[WhiteElo "1984"]
[BlackElo "1574"]
[PlyCount "69"]
[EventDate "2022.10.16"]
[EventType "team-tourn"]
[EventRounds "11"]
[EventCountry "CZE"]
[SourceTitle "EXT 2024"]
[Source "ChessBase"]
[SourceDate "2023.10.10"]
[SourceVersion "1"]
[SourceVersionDate "2023.10.10"]
[SourceQuality "1"]
[WhiteTeam "Plzen"]
[BlackTeam "Budejovice II"]
[WhiteTeamCountry "CZE"]
[BlackTeamCountry "CZE"]

1. e4 c5 2. Nf3 d6 3. d4 cxd4 4. Nxd4 Nf6 5. Nc3 a6 6. Be2 e5 7. Nb3 Be7 8. Be3 b5 9. Nd5 Nbd7 10. f3 Bb7 11. Nxe7 Qxe7 12. Na5 Rb8 13. Ba7 0-0 14. Bxb8 Rxb8 15. Nxb7 Rxb7 16. Qd2 Nb8 17. 0-0 Nh5 18. Rfd1 Rd7 19. a4 d5 20. exd5 Nf4 21. Bd3 Rxd5 22. axb5 Nxd3 23. cxd3 Qc5+ 24. Kh1 Qxb5 25. Qc3 Rc5 26. Qa3 Rc2 27. Rdc1 Qc6 28. Rxc2 Qxc2 29. Qc3 Qxc3 30. bxc3 f6 31. Kg1 Kf7 32. Rb1 Nd7 33. Kf2 Nc5 34. Ke3 a5 35. Rb5 1-0

[Event "CZE-chT2A 2223"]
[Site "Czech Republic"]
[Date "2022.10.16"]
[Round "1.8"]
[White "Rehak, Martin"]
[Black "Novy, Daniel"]
[Result "1/2-1/2"]
[WhiteElo "1967"]
[BlackElo "1984"]
[PlyCount "35"]
[EventDate "2022.10.16"]
[EventType "team-tourn"]
[EventRounds "11"]
[EventCountry "CZE"]
[SourceTitle "EXT 2024"]
[Source "ChessBase"]
[SourceDate "2023.10.10"]
[SourceVersion "1"]
[SourceVersionDate "2023.10.10"]
[SourceQuality "1"]
[WhiteTeam "Vysehrad II"]
[BlackTeam "Plzen"]
[WhiteTeamCountry "CZE"]
[BlackTeamCountry "CZE"]

1. c4 Nf6 2. Nf3 g6 3. d4 Bg7 4. g3 c5 5. d5 0-0 6. Bg2 d6 7. 0-0 Bd7 8. Nc3 Qc8 9. Re1 Bh3 10. Bh1 h6 11. Rb1 Ng4 12. Qc2 Nd7 13. b3 Nde5 14. Bb2 f5 15. Bg2 Bxg2 16. Kxg2 f4 17. Nxe5 Nxe5 18. f3 1/2-1/2

[Event "CZE-chT2B 1920"]
[Site "Czech Republic"]
[Date "2020.02.09"]
[Round "8.8"]
[White "Novy, Daniel"]
[Black "Vaclavik, Jan"]
[Result "1-0"]
[WhiteElo "1954"]
[BlackElo "1797"]
[PlyCount "105"]
[EventDate "2019.10.13"]
[EventType "team-tourn"]
[EventRounds "11"]
[EventCountry "CZE"]
[SourceTitle "EXT 2024"]
[Source "ChessBase"]
[SourceDate "2023.10.10"]
[SourceVersion "1"]
[SourceVersionDate "2023.10.10"]
[SourceQuality "1"]
[WhiteTeam "Karlovy Vary Tietz"]
[BlackTeam "Teplice"]
[WhiteTeamCountry "CZE"]
[BlackTeamCountry "CZE"]

1. e4 c5 2. Nf3 Nc6 3. d4 cxd4 4. Nxd4 e5 5. Nf3 Nf6 6. Bg5 Qa5+ 7. Bd2 Qb6 8. Nc3 Bc5 9. Bc4 d6 10. Na4 Qc7 11. Nxc5 dxc5 12. Qe2 h6 13. 0-0-0 0-0 14. Bc3 Re8 15. Nh4 Nd4 16. Qd3 a6 17. Bd5 Nxd5 18. exd5 Bd7 19. Qg3 Rac8 20. Rhe1 b5 21. Bd2 Qd6 22. c3 Nf5 23. Nxf5 Bxf5 24. Be3 a5 25. f4 e4 26. h3 b4 27. c4 Qa6 28. b3 Qf6 29. Kb1 a4 30. Qf2 axb3 31. axb3 Ra8 32. Qb2 Qd6 33. Kc2 Ra3 34. Ra1 Rea8 35. Rxa3 Rxa3 36. Ra1 Qa6 37. Kb1 Qa7 38. g4 Bd7 39. Bc1 Qb6 40. Rxa3 bxa3 41. Qxa3 Qg6 42. f5 Qd6 43. Be3 Qg3 44. Qxc5 Qe1+ 45. Kb2 Qe2+ 46. Ka3 Qe1 47. Qd4 Qh1 48. c5 Qe1 49. c6 Bc8 50. d6 Qa5+ 51. Kb2 Qd8 52. d7 Ba6 53. c7 1-0

[Event "CZE-chT2B 1819"]
[Site "Czech Republic"]
[Date "2019.02.10"]
[Round "8.8"]
[White "Novy, Daniel"]
[Black "Misicko, Jan"]
[Result "1/2-1/2"]
[WhiteElo "1943"]
[BlackElo "2067"]
[PlyCount "92"]
[EventDate "2018.10.14"]
[EventType "team-tourn"]
[EventRounds "11"]
[EventCountry "CZE"]
[SourceTitle "EXT 2022"]
[Source "ChessBase"]
[SourceDate "2021.10.06"]
[SourceVersion "1"]
[SourceVersionDate "2021.10.06"]
[SourceQuality "1"]
[WhiteTeam "Karlovy Vary Tietz II"]
[BlackTeam "Kladno"]
[WhiteTeamCountry "CZE"]
[BlackTeamCountry "CZE"]

1. e4 c5 2. Nf3 e6 3. d4 cxd4 4. Nxd4 Nf6 5. Nc3 Bb4 6. Bd3 Nc6 7. Nxc6 bxc6 8. 0-0 d5 9. e5 Nd7 10. Qg4 Bf8 11. f4 Ba6 12. Qe2 Bxd3 13. cxd3 Bc5+ 14. Kh1 0-0 15. b3 f6 16. Bb2 fxe5 17. Na4 Bd6 18. fxe5 Be7 19. Qg4 Rxf1+ 20. Rxf1 Nf8 21. Bd4 Qa5 22. Bc3 Qd8 23. Bd2 Qe8 24. Bb4 a5 25. Bxe7 Qxe7 26. d4 Nd7 27. h3 Rc8 28. Rc1 c5 29. Nxc5 Nxc5 30. Rxc5 Rxc5 31. dxc5 Qxc5 32. Qxe6+ Kf8 33. Qf5+ Ke8 34. e6 Qc1+ 35. Kh2 Qc7+ 36. g3 d4 37. Qxh7 Qe5 38. Qg8+ Ke7 39. Qf7+ Kd6 40. Qd7+ Kc5 41. Qe7+ Kd5 42. Qd8+ Kxe6 43. Qe8+ Kd5 44. Qa8+ Ke6 45. Qf3 Qf5 46. Qc6+ Ke5 1/2-1/2

[Event "CZE-chT2B 1819"]
[Site "Czech Republic"]
[Date "2018.11.18"]
[Round "3.8"]
[White "Novacek, Jan"]
[Black "Novy, Daniel"]
[Result "1/2-1/2"]
[WhiteElo "2103"]
[BlackElo "1943"]
[PlyCount "92"]
[EventDate "2018.10.14"]
[EventType "team-tourn"]
[EventRounds "11"]
[EventCountry "CZE"]
[SourceTitle "EXT 2022"]
[Source "ChessBase"]
[SourceDate "2021.10.06"]
[SourceVersion "1"]
[SourceVersionDate "2021.10.06"]
[SourceQuality "1"]
[WhiteTeam "Litomerice"]
[BlackTeam "Karlovy Vary Tietz II"]
[WhiteTeamCountry "CZE"]
[BlackTeamCountry "CZE"]

1. d4 Nf6 2. Bg5 d5 3. Bxf6 exf6 4. e3 Bd6 5. Bd3 c6 6. c3 a5 7. Nd2 Qe7 8. Qf3 h5 9. h3 g6 10. Qe2 f5 11. c4 dxc4 12. Nxc4 Bc7 13. Nf3 Be6 14. Qc2 Nd7 15. h4 0-0 16. Ng5 Rfc8 17. Nd2 c5 18. Nxe6 Qxe6 19. Nf3 cxd4 20. Nxd4 Qe5 21. Nf3 Qe7 22. Qe2 Ne5 23. Nxe5 Bxe5 24. Rb1 Rd8 25. a3 Rac8 26. Rd1 Qf6 27. b3 Bc3+ 28. Kf1 Bb2 29. a4 Ba3 30. Rh3 Rc3 31. e4 fxe4 32. Qxe4 Rc1 33. Rxc1 Bxc1 34. Rf3 Qa1 35. g3 Ba3+ 36. Kg2 Rf8 37. Bc4 Qg7 38. Qxb7 Bb4 39. Qe4 Kh8 40. Rd3 Qf6 41. Rd7 Kg7 42. Rc7 Ba3 43. Rc6 Qe7 44. Qd4+ Kh7 45. Qd5 Kg7 46. Qf3 Bb4 1/2-1/2

[Event "Klatovy op-A 24th"]
[Site "Klatovy"]
[Date "2018.07.06"]
[Round "7"]
[White "Novy, Daniel"]
[Black "Brunova, Blanka"]
[Result "1/2-1/2"]
[WhiteElo "1941"]
[BlackElo "1994"]
[PlyCount "101"]
[EventDate "2018.06.30"]
[EventType "swiss"]
[EventRounds "9"]
[EventCountry "CZE"]
[SourceTitle "EXT 2019"]
[Source "ChessBase"]
[SourceDate "2018.10.10"]
[SourceVersion "1"]
[SourceVersionDate "2018.10.10"]
[SourceQuality "1"]

1. e4 c5 2. Nf3 Nc6 3. Bb5 g6 4. Bxc6 bxc6 5. d3 Bg7 6. h4 d5 7. e5 Bg4 8. Bf4 Qb8 9. Nbd2 Nh6 10. Qc1 Qb4 11. c4 Bxf3 12. a3 Qa5 13. b4 cxb4 14. axb4 Qxb4 15. Rb1 Qa5 16. Ra1 Qc5 17. Nxf3 Ng4 18. 0-0 0-0 19. d4 Qxc4 20. Qa3 f6 21. Rfe1 c5 22. e6 f5 23. Rec1 Qe2 24. Ra2 Qxe6 25. Re1 Qc6 26. dxc5 Rfe8 27. Rae2 e5 28. Bxe5 Nxe5 29. Nxe5 Qc7 30. f4 Rac8 31. Rc2 Bxe5 32. fxe5 Rxe5 33. Rb1 Qe7 34. Qg3 d4 35. c6 Re3 36. Qf2 d3 37. Rc3 Qe5 38. Qa2+ Kh8 39. Qc4 d2 40. Rxe3 Qxe3+ 41. Kh2 f4 42. Rf1 Qe5 43. Kh3 Qf6 44. Rxf4 Rxc6 45. Qf1 Qe6+ 46. Kh2 Rc1 47. Qb5 Rh1+ 48. Kg3 Qe1+ 49. Rf2 Qxf2+ 50. Kxf2 d1Q 51. Qe8+ 1/2-1/2

[Event "Klatovy op-A 24th"]
[Site "Klatovy"]
[Date "2018.07.05"]
[Round "6"]
[White "Richter, Martin1111"]
[Black "Novy, Daniel"]
[Result "1/2-1/2"]
[WhiteElo "2009"]
[BlackElo "1941"]
[PlyCount "39"]
[EventDate "2018.06.30"]
[EventType "swiss"]
[EventRounds "9"]
[EventCountry "CZE"]
[SourceTitle "EXT 2019"]
[Source "ChessBase"]
[SourceDate "2018.10.10"]
[SourceVersion "1"]
[SourceVersionDate "2018.10.10"]
[SourceQuality "1"]

1. e4 c5 2. Nc3 Nc6 3. f4 g6 4. Nf3 Bg7 5. Bb5 Nd4 6. Bc4 a6 7. a4 d6 8. 0-0 Nf6 9. h3 0-0 10. d3 e6 11. Be3 d5 12. e5 Nd7 13. Bxd5 exd5 14. Nxd4 cxd4 15. Bxd4 Nb8 16. Qf3 Be6 17. a5 Re8 18. Na4 Nc6 19. Bb6 Qd7 20. Bc5 1/2-1/2

[Event "Klatovy op-A 23rd"]
[Site "Klatovy"]
[Date "2017.07.07"]
[Round "7"]
[White "Novy, Daniel"]
[Black "Sroubova, Lenka"]
[Result "0-1"]
[WhiteElo "1942"]
[BlackElo "1986"]
[PlyCount "46"]
[EventDate "2017.07.01"]
[EventType "swiss"]
[EventRounds "9"]
[EventCountry "CZE"]
[SourceTitle "EXT 2018"]
[Source "ChessBase"]
[SourceDate "2017.10.13"]
[SourceVersion "1"]
[SourceVersionDate "2017.10.13"]
[SourceQuality "1"]

1. e4 c5 2. Nf3 Nc6 3. d4 cxd4 4. Nxd4 g6 5. Be3 Nf6 6. Nc3 Bg7 7. Be2 0-0 8. Qd2 d5 9. exd5 Nxd5 10. Nxd5 Nxd4 11. Bxd4 Qxd5 12. Bxg7 Qxg2 13. 0-0-0 Kxg7 14. Qd4+ Kg8 15. Rdg1 Qc6 16. h4 Bf5 17. Qf4 Qe4 18. Qxe4 Bxe4 19. Rh3 Bd5 20. h5 Be6 21. Rh4 Kg7 22. Rgh1 Bxa2 23. hxg6 hxg6 0-1

[Event "Klatovy op-A 23rd"]
[Site "Klatovy"]
[Date "2017.07.06"]
[Round "6"]
[White "Sprenar, Petr"]
[Black "Novy, Daniel"]
[Result "1-0"]
[WhiteElo "2042"]
[BlackElo "1942"]
[PlyCount "77"]
[EventDate "2017.07.01"]
[EventType "swiss"]
[EventRounds "9"]
[EventCountry "CZE"]
[SourceTitle "EXT 2018"]
[Source "ChessBase"]
[SourceDate "2017.10.13"]
[SourceVersion "1"]
[SourceVersionDate "2017.10.13"]
[SourceQuality "1"]

1. d4 Nf6 2. c4 e6 3. g3 Bb4+ 4. Nd2 c5 5. Ngf3 cxd4 6. Nxd4 0-0 7. Bg2 e5 8. Nc2 Be7 9. 0-0 Nc6 10. Ne3 d6 11. a3 Ng4 12. Nd5 f5 13. b4 e4 14. Nb3 Nce5 15. h3 Nf6 16. Bb2 Be6 17. Rc1 Kh8 18. Nd4 Qd7 19. Nxe6 Qxe6 20. Nc7 Qf7 21. Nxa8 Rxa8 22. c5 Nc4 23. Bxf6 Bxf6 24. cxd6 Rd8 25. Qb3 b5 26. Rfd1 Be5 27. e3 h5 28. Bf1 h4 29. Bxc4 bxc4 30. Qxc4 Qg6 31. Qc7 Rg8 32. Qc5 Bxg3 33. fxg3 Qxg3+ 34. Kf1 Qf3+ 35. Ke1 f4 36. Rc3 Rd8 37. Rd5 g6 38. Qd4+ Kh7 39. Rc7+ 1-0

[Event "Klatovy op-A 23rd"]
[Site "Klatovy"]
[Date "2017.07.04"]
[Round "4"]
[White "Vartazarian, Gor"]
[Black "Novy, Daniel"]
[Result "0-1"]
[WhiteElo "1795"]
[BlackElo "1942"]
[PlyCount "54"]
[EventDate "2017.07.01"]
[EventType "swiss"]
[EventRounds "9"]
[EventCountry "CZE"]
[SourceTitle "EXT 2018"]
[Source "ChessBase"]
[SourceDate "2017.10.13"]
[SourceVersion "1"]
[SourceVersionDate "2017.10.13"]
[SourceQuality "1"]

1. e4 c5 2. Nf3 e6 3. d4 cxd4 4. Nxd4 a6 5. Nc3 Nc6 6. Be3 Nf6 7. f3 Bb4 8. Be2 d5 9. Nxc6 bxc6 10. e5 Nd7 11. 0-0 Nxe5 12. Qd4 Bd6 13. Na4 0-0 14. f4 Nd7 15. b4 e5 16. Qc3 Qc7 17. fxe5 Bxe5 18. Bd4 Bxh2+ 19. Kh1 Be5 20. Bd3 Qd6 21. Rae1 Qh6+ 22. Kg1 Qh2+ 23. Kf2 Qh4+ 24. Ke2 Qg4+ 25. Kd2 Qxd4 26. Qxd4 Bxd4 27. Rh1 g6 0-1

[Event "CZE-chT2A 1617"]
[Site "Czech Republic"]
[Date "2017.02.12"]
[Round "8.6"]
[White "Vaclavik, Vaclav"]
[Black "Novy, Daniel"]
[Result "1-0"]
[WhiteElo "1992"]
[BlackElo "1956"]
[PlyCount "67"]
[EventDate "2016.10.09"]
[EventType "team-tourn"]
[EventRounds "11"]
[EventCountry "CZE"]
[SourceTitle "EXT 2022"]
[Source "ChessBase"]
[SourceDate "2021.10.06"]
[SourceVersion "1"]
[SourceVersionDate "2021.10.06"]
[SourceQuality "1"]
[WhiteTeam "Plzen Kosutka"]
[BlackTeam "Karlovy Vary Tietz II"]
[WhiteTeamCountry "CZE"]
[BlackTeamCountry "CZE"]

1. e4 c5 2. Nf3 e6 3. d4 cxd4 4. Nxd4 a6 5. Bc4 Nc6 6. Bb3 Qh4 7. Qd3 Bc5 8. Be3 Ne5 9. Qc3 Qe7 10. a3 d6 11. f3 Bd7 12. Qd2 Nc6 13. Nc3 Nf6 14. 0-0-0 b5 15. Nxc6 Bxc6 16. Bf4 Qa7 17. Rhe1 e5 18. Bg5 a5 19. Bxf6 gxf6 20. Bd5 Qb6 21. Bxc6+ Qxc6 22. Qd5 Qc8 23. Nxb5 Ra6 24. Qd2 Rg8 25. Nc3 Rg6 26. g4 Rc6 27. Nd5 Qa6 28. h4 f5 29. exf5 Rg7 30. Rxe5+ Kf8 31. Nf6 Rc8 32. Nd7+ Kg8 33. Nxc5 dxc5 34. Qd8+ 1-0

[Event "Klatovy op 22nd"]
[Site "Klatovy"]
[Date "2016.07.08"]
[Round "7"]
[White "Novy, Daniel"]
[Black "Barrish, Daniel"]
[Result "0-1"]
[WhiteElo "1987"]
[BlackElo "2183"]
[PlyCount "108"]
[EventDate "2016.07.02"]
[EventType "swiss"]
[EventRounds "9"]
[EventCountry "CZE"]
[SourceTitle "CBM 173 Extra"]
[Source "ChessBase"]
[SourceDate "2016.08.29"]
[SourceVersion "1"]
[SourceVersionDate "2016.08.29"]
[SourceQuality "1"]

1. e4 c5 2. Nf3 e6 3. d4 cxd4 4. Nxd4 a6 5. Bd3 Nf6 6. Nc3 Qc7 7. 0-0 d6 8. Be3 b5 9. a3 Bb7 10. f4 Nbd7 11. Kh1 Nc5 12. Qf3 h5 13. f5 e5 14. Nb3 h4 15. Bg5 h3 16. g3 Be7 17. Bxf6 Bxf6 18. Nd5 Bxd5 19. exd5 Na4 20. Rab1 Rc8 21. Nd2 Nc5 22. c3 Bg5 23. Ne4 Nxe4 24. Qxe4 Ke7 25. Rbe1 Qc5 26. Qf3 a5 27. Ra1 Ra8 28. Rfe1 Kf6 29. Qe4 Rab8 30. Bf1 b4 31. axb4 axb4 32. c4 Ra8 33. Rxa8 Rxa8 34. Bxh3 Ra2 35. Rb1 Qf2 36. Qg2 Qe3 37. Qg1 Qd3 38. Rd1 Qc2 39. Rb1 Qxc4 40. Bg2 Qc2 41. h4 Be3 42. Qxe3 Qxb1+ 43. Kh2 Qxf5 44. Qb6 Qd7 45. Qxb4 g6 46. h5 Kg7 47. Qh4 Ra8 48. h6+ Kh7 49. Qf6 Kxh6 50. Bh3 Qc7 51. Bf5 Qd8 52. Qxf7 gxf5 53. Qxf5 Qg5 54. Qe6+ Qg6 0-1

[Event "CZE-chT2A 1213"]
[Site "Czech Republic"]
[Date "2012.12.02"]
[Round "4.8"]
[White "Mares, Vaclav"]
[Black "Novy, Daniel"]
[Result "0-1"]
[WhiteElo "2017"]
[BlackElo "1989"]
[PlyCount "76"]
[EventDate "2012.10.14"]
[EventType "team-tourn"]
[EventRounds "11"]
[EventCountry "CZE"]
[SourceTitle "EXT 2015"]
[Source "ChessBase"]
[SourceDate "2014.11.20"]
[SourceVersion "1"]
[SourceVersionDate "2014.11.20"]
[SourceQuality "1"]
[WhiteTeam "Klatovy"]
[BlackTeam "Karlovy Vary"]
[WhiteTeamCountry "CZE"]
[BlackTeamCountry "CZE"]

1. e4 c5 2. Nf3 e6 3. d4 cxd4 4. Nxd4 a6 5. Be2 Nf6 6. Nc3 Bb4 7. Qd3 Nc6 8. 0-0 Qc7 9. Nxc6 bxc6 10. a3 Be7 11. f4 d6 12. Qg3 e5 13. Be3 h5 14. h3 h4 15. Qf2 Rb8 16. Rab1 Qa5 17. b4 Qc7 18. fxe5 dxe5 19. Na4 Bd6 20. Bd3 Qe7 21. Bg5 a5 22. c3 axb4 23. cxb4 Be6 24. Qc2 Rh5 25. Be3 g5 26. Nc5 g4 27. Nxe6 Qxe6 28. Qxc6+ Ke7 29. Bc4 Qc8 30. Qd5 Nxd5 31. Bxd5 Rh7 32. Rbc1 Qd7 33. Bc6 Qe6 34. Bg5+ Kf8 35. Rf6 Qe7 36. Rd1 Qa7+ 37. Kh1 Be7 38. Rd7 Qxa3 0-1

[Event "Jirasek Memorial op 24th"]
[Site "Rakovnik"]
[Date "2012.08.05"]
[Round "2"]
[White "Novak, Jindrich"]
[Black "Novy, Daniel"]
[Result "1-0"]
[WhiteElo "2041"]
[BlackElo "1991"]
[PlyCount "101"]
[EventDate "2012.08.04"]
[EventType "swiss"]
[EventRounds "9"]
[EventCountry "CZE"]
[SourceTitle "CBM 149 Extra"]
[Source "ChessBase"]
[SourceDate "2012.08.24"]
[SourceVersion "1"]
[SourceVersionDate "2012.08.24"]
[SourceQuality "1"]

1. e4 c5 2. c3 d5 3. d3 dxe4 4. dxe4 Qxd1+ 5. Kxd1 Nc6 6. Na3 Bd7 7. Be3 e5 8. Bc4 0-0-0 9. Kc2 f5 10. Ne2 Nf6 11. Bg5 Be7 12. Bxf6 Bxf6 13. Ng3 fxe4 14. Nxe4 Bf5 15. f3 a6 16. Bd3 Bxe4 17. Bxe4 Kc7 18. Rad1 h6 19. Nc4 Rxd1 20. Rxd1 Rd8 21. Bxc6 Rxd1 22. Kxd1 Kxc6 23. Nd2 Kd5 24. Kc2 b6 25. b3 a5 26. a4 Bd8 27. Kd3 Bg5 28. c4+ Ke6 29. Ne4 Be7 30. Nc3 h5 31. Ke4 g6 32. Nd5 Bd8 33. f4 exf4 34. Nxf4+ Kf6 35. g3 Kf7 36. Kd5 Kf6 37. Kd6 Kf5 38. Kd7 Bg5 39. Kc7 Bxf4+ 40. gxf4 Kxf4 41. Kxb6 g5 42. Kxa5 g4 43. b4 cxb4 44. Kxb4 h4 45. c5 g3 46. hxg3+ hxg3 47. c6 g2 48. c7 g1Q 49. c8Q Qb6+ 50. Kc4 Ke5 51. Qc5+ 1-0

[Event "Jirasek Memorial op 24th"]
[Site "Rakovnik"]
[Date "2012.08.05"]
[Round "3"]
[White "Novy, Daniel"]
[Black "Kotrba, Matej"]
[Result "1/2-1/2"]
[WhiteElo "1991"]
[BlackElo "1961"]
[PlyCount "49"]
[EventDate "2012.08.04"]
[EventType "swiss"]
[EventRounds "9"]
[EventCountry "CZE"]
[SourceTitle "CBM 149 Extra"]
[Source "ChessBase"]
[SourceDate "2012.08.24"]
[SourceVersion "1"]
[SourceVersionDate "2012.08.24"]
[SourceQuality "1"]

1. e4 Nf6 2. e5 Nd5 3. d4 d6 4. c4 Nb6 5. exd6 exd6 6. Nc3 Nc6 7. Bd3 Nxd4 8. Bxh7 Qf6 9. Bd3 Be6 10. Ne4 Qe7 11. Ne2 Nxe2 12. Qxe2 0-0-0 13. Be3 d5 14. Nd2 dxc4 15. Bxc4 Nxc4 16. Nxc4 Qb4+ 17. Nd2 Bc5 18. Bxc5 Qxc5 19. 0-0 Qd6 20. Nf3 Bg4 21. h3 Qh6 22. Qe3 Qh5 23. Nh2 Be6 24. Qxa7 b6 25. Qa8+ 1/2-1/2

[Event "Jirasek Memorial op 24th"]
[Site "Rakovnik"]
[Date "2012.08.04"]
[Round "1"]
[White "Novy, Daniel"]
[Black "Volek, Stanislav"]
[Result "1/2-1/2"]
[WhiteElo "1991"]
[BlackElo "1861"]
[PlyCount "57"]
[EventDate "2012.08.04"]
[EventType "swiss"]
[EventRounds "9"]
[EventCountry "CZE"]
[SourceTitle "CBM 149 Extra"]
[Source "ChessBase"]
[SourceDate "2012.08.24"]
[SourceVersion "1"]
[SourceVersionDate "2012.08.24"]
[SourceQuality "1"]

1. e4 e6 2. d4 d5 3. exd5 exd5 4. Bd3 c5 5. c3 cxd4 6. cxd4 Nc6 7. Be3 Nf6 8. h3 Qb6 9. Ne2 Qxb2 10. Nd2 Bb4 11. 0-0 Bxd2 12. Bxd2 0-0 13. Bg5 Ne4 14. Bxe4 dxe4 15. d5 Ne5 16. Be7 Re8 17. d6 Nd3 18. Qa4 Bf5 19. Ng3 Qe5 20. Nxf5 Qxf5 21. Rab1 b6 22. Qd4 Qe5 23. Qxe5 Nxe5 24. Rfc1 Rac8 25. Rc7 Rxc7 26. dxc7 Rc8 27. Rb5 f6 28. Bd8 Kf7 29. Rb4 1/2-1/2

[Event "CZE-chT2B 1112"]
[Site "Czech Republic"]
[Date "2012.02.05"]
[Round "7.6"]
[White "Cichy, Miroslav"]
[Black "Novy, Daniel"]
[Result "1-0"]
[WhiteElo "2132"]
[BlackElo "2005"]
[PlyCount "53"]
[EventDate "2011.10.09"]
[EventType "team-tourn"]
[EventRounds "11"]
[EventCountry "CZE"]
[SourceTitle "EXT 2013"]
[Source "ChessBase"]
[SourceDate "2012.11.22"]
[SourceVersion "1"]
[SourceVersionDate "2012.11.22"]
[SourceQuality "1"]
[WhiteTeam "Most Chess"]
[BlackTeam "Karlovy Vary"]
[WhiteTeamCountry "CZE"]
[BlackTeamCountry "CZE"]

1. e4 c5 2. f4 Nc6 3. Nf3 d6 4. Bb5 Bd7 5. 0-0 g6 6. Nc3 Bg7 7. d3 e6 8. Be3 b6 9. d4 Nge7 10. Qd2 Qc7 11. Be2 a6 12. Rad1 Ra7 13. dxc5 dxc5 14. e5 0-0 15. Bxa6 Rxa6 16. Qxd7 Qxd7 17. Rxd7 Nf5 18. Bf2 Nb4 19. g4 Nh6 20. a3 Nxc2 21. b3 Nxa3 22. Ra1 f6 23. Kg2 fxe5 24. fxe5 Nc4 25. Rxa6 Rxf3 26. Rxg7+ Kxg7 27. Kxf3 1-0

[Event "CZE-chT2B 1112"]
[Site "Czech Republic"]
[Date "2011.12.04"]
[Round "4.8"]
[White "Novy, Daniel"]
[Black "Papay, Jindrich"]
[Result "1/2-1/2"]
[WhiteElo "2005"]
[BlackElo "1979"]
[PlyCount "39"]
[EventDate "2011.10.09"]
[EventType "team-tourn"]
[EventRounds "11"]
[EventCountry "CZE"]
[SourceTitle "EXT 2013"]
[Source "ChessBase"]
[SourceDate "2012.11.22"]
[SourceVersion "1"]
[SourceVersionDate "2012.11.22"]
[SourceQuality "1"]
[WhiteTeam "Karlovy Vary"]
[BlackTeam "Decin"]
[WhiteTeamCountry "CZE"]
[BlackTeamCountry "CZE"]

1. e4 e6 2. d4 d5 3. exd5 exd5 4. Bd3 Bd6 5. Nf3 Nf6 6. 0-0 0-0 7. Bg5 Be6 8. Nbd2 Nbd7 9. Re1 h6 10. Bh4 c5 11. c3 Qc7 12. Rc1 Bf4 13. Bg3 Bg4 14. Qc2 Rfe8 15. Bf5 Bxg3 16. hxg3 b6 17. Bxg4 Nxg4 18. Qf5 Ngf6 19. Ne5 Nf8 20. Ndf3 1/2-1/2